| 000 | 00377nam a2200133Ia 4500 | ||
|---|---|---|---|
| 999 |
_c26447 _d26447 |
||
| 008 | 230413s9999||||xx |||||||||||||| ||und|| | ||
| 020 | _a9780140278330 | ||
| 082 |
_a303.4954 _bK141 |
||
| 100 | _aAbdul Kalam, A. P. J. & Rajan, Y. S. | ||
| 245 | 0 | _aIndia 2020: a vision for the new millennium | |
| 260 |
_aNew Delhi _bPenguin Books _c2002 |
||
| 300 | _axvi, 324 p. | ||
| 942 | _cBK | ||